00947cam a22002651a 4500001001300000003000400013005001700017008004100034010001700075035001900092040004800111050002600159051001500185082001300200100004600213245009300259260003800352300002300390490009200413504002800505650005200533650004000585650003900625999001700664e 30000172 DLC20260227111220.0830209s1930 dcu b f000 0 eng c ae 30000172  a(OCoLC)9207127 aU.S. Off. of Educ. LibrarycABAUdABAUdDLC00aL111b.A6 1930, no. 8 aLA212b.K4 a370.61731 aKeesecker, Ward W.q(Ward Wilbur),d1898-10aDigest of legislation providing federal subsidies for education /cby Ward W. Keesecker. aWashington :bU.S. G.P.O.,c1930. av, 52 p. ;c23 cm.0 aBulletin / United States Department of the Interior, Office of Education ;v1930, no. 8 aBibliography: p. 42-52. 0aEducational law and legislationzUnited States. 0aEducation and statezUnited States. 0aEducationzUnited StatesxFinance. c21033d21033